Countries Closest to The Gambia - Statistics

General Stats
  • This quiz has been taken 514 times
  • The average score is 18 of 20
Answer Stats
km country miles % Correct
0 Senegal 0
98%
1221 Ghana 759
97%
1511 Niger 939
97%
1868 Nigeria 1161
97%
74 Guinea 46
96%
189 Mali 118
96%
1357 Morocco 843
96%
1584 Algeria 984
95%
214 Mauritania 133
94%
1505 Togo 935
94%
1615 Benin 1004
93%
61 Guinea-Bissau 38
93%
665 Liberia 413
93%
700 Cabo Verde 435
92%
413 Sierra Leone 257
92%
940 Burkina Faso 584
91%
721 Côte d'Ivoire 448
91%
1548 Spain 962
76%
2099 Portugal 1305
73%
799 Western Sahara 496
61%
No matching quizzes found
Score Distribution
Percent of People with Each Score
Percentile by Number Answered
Your Score History
You have not taken this quiz